| 000 -LEADER |
| fixed length control field |
00341nam a2200121Ia 4500 |
| 008 - FIXED-LENGTH DATA ELEMENTS--GENERAL INFORMATION |
| fixed length control field |
200103s 2007 ||||xx |||||||||||||| ||und|| |
| 082 ## - DEWEY DECIMAL CLASSIFICATION NUMBER |
| Classification number |
629.13 |
| Item number |
NHO |
| 100 ## - MAIN ENTRY--PERSONAL NAME |
| Personal name |
National Hydrographic Office |
| 245 #4 - TITLE STATEMENT |
| Title |
The nautical almanac 2007 |
| 260 ## - PUBLICATION, DISTRIBUTION, ETC. (IMPRINT) |
| Name of publisher, distributor, etc |
National Hydrographic Office |
| Date of publication, distribution, etc |
2007 |
| Place of publication, distribution, etc |
Dehradun |
| 300 ## - PHYSICAL DESCRIPTION |
| Extent |
xxxv,319p. |
| 942 ## - ADDED ENTRY ELEMENTS (KOHA) |
| Item type |
Books |